Calcul Mental - Mort subite - Statistiques

Statistiques générales
  • Ce quiz a été pris 21 597 fois
  • Le résultat moyen est 10 sur 20
Statistiques - réponses
Problème Solution % Correct
8+1 9
62%
7-7 0
61%
4+5 9
60%
2-1 1
59%
1×1 1
59%
1+2 3
59%
2+2 4
59%
3+2 5
59%
6+3 9
59%
6-5 1
58%
1/1 1
58%
6/2 3
58%
8-2 6
58%
3+4 7
58%
9×1 9
58%
4/2 2
57%
1+3 4
57%
2×2 4
57%
1+4 5
57%
4+1 5
57%
1×6 6
57%
12/2 6
57%
2+5 7
57%
5+2 7
57%
1+4+2 7
57%
6+1+1 8
57%
7-6 1
56%
11-9 2
56%
2×1 2
56%
6-2 4
56%
15-10 5
56%
3×2 6
56%
1+6 7
56%
17-10 7
56%
5+1+1 7
56%
4+4 8
56%
8×1 8
56%
12-3 9
56%
9/1 9
56%
4-4 0
55%
10-10 0
55%
4-3 1
55%
6-4 2
55%
5-2 3
55%
5-1 4
55%
4×1 4
55%
9-4 5
55%
2+2+1 5
55%
3+3 6
55%
12-6 6
55%
16-10 6
55%
6+1 7
55%
8-1 7
55%
5+3 8
55%
1×9 9
55%
2+2+5 9
55%
1-1 0
54%
3-3 0
54%
8-7 1
54%
3/3 1
54%
4/4 1
54%
10/10 1
54%
7-5 2
54%
9-7 2
54%
1×2 2
54%
10/5 2
54%
14/7 2
54%
3×1 3
54%
3+1 4
54%
14-10 4
54%
8/2 4
54%
16/4 4
54%
10-5 5
54%
1×5 5
54%
25/5 5
54%
3+1+1 5
54%
5+1 6
54%
2×3 6
54%
1+4+1 6
54%
3+2+1 6
54%
9-2 7
54%
14/2 7
54%
1+3+3 7
54%
1+5+1 7
54%
2+1+4 7
54%
3+1+3 7
54%
2+6 8
54%
9-1 8
54%
2×4 8
54%
1+1+6 8
54%
5+1+2 8
54%
19-10 9
54%
3+2+4 9
54%
4+3+2 9
54%
3-2 1
53%
5-4 1
53%
10-9 1
53%
11-10 1
53%
5/5 1
53%
10-7 3
53%
1+1+1 3
53%
7-3 4
53%
9-5 4
53%
1×4 4
53%
20/5 4
53%
2+1+1 4
53%
20/4 5
53%
50/10 5
53%
1+3+1 5
53%
1+5 6
53%
7-1 6
53%
2+2+2 6
53%
4+3 7
53%
14-7 7
53%
1×7 7
53%
21/3 7
53%
70/10 7
53%
4+1+2 7
53%
1+7 8
53%
10-2 8
53%
1×8 8
53%
4×2 8
53%
4+2+2 8
53%
2+7 9
53%
81/9 9
53%
1+1+7 9
53%
1+2+6 9
53%
1+7+1 9
53%
3+3+3 9
53%
5+3+1 9
53%
6+2+1 9
53%
2-2 0
52%
9-8 1
52%
7/7 1
52%
5-3 2
52%
8-6 2
52%
10-8 2
52%
12-10 2
52%
12/4 3
52%
40/10 4
52%
2+3 5
52%
6-1 5
52%
5×1 5
52%
2+4 6
52%
6×1 6
52%
1+1+4 6
52%
1+2+4 7
52%
7+1 8
52%
1+2+5 8
52%
1+3+4 8
52%
2+4+2 8
52%
7+2 9
52%
14-5 9
52%
3×3 9
52%
1+5+3 9
52%
2+5+2 9
52%
3+5+1 9
52%
7+1+1 9
52%
5-5 0
51%
6-6 0
51%
8-8 0
51%
9-9 0
51%
6/6 1
51%
9/9 1
51%
1+1 2
51%
4-2 2
51%
18/9 2
51%
2+1 3
51%
6-3 3
51%
7-4 3
51%
15/3 5
51%
1+2+2 5
51%
4+2 6
51%
9-3 6
51%
12/2 6
51%
1+3+2 6
51%
4+1+1 6
51%
7×1 7
51%
1+1+5 7
51%
3+3+1 7
51%
18-10 8
51%
16/2 8
51%
5+2+1 8
51%
5+4 9
51%
11-2 9
51%
16-7 9
51%
90/10 9
51%
6/3 2
50%
8/4 2
50%
12/6 2
50%
11-8 3
50%
1×3 3
50%
3/1 3
50%
27/9 3
50%
8-4 4
50%
12-8 4
50%
13-9 4
50%
4/1 4
50%
12/3 4
50%
1+1+2 4
50%
11-6 5
50%
1+1+3 5
50%
60/10 6
50%
1+2+3 6
50%
2+3+1 6
50%
3+1+2 6
50%
13-6 7
50%
15-8 7
50%
7/1 7
50%
2+3+2 7
50%
3+5 8
50%
12-4 8
50%
14-6 8
50%
8/1 8
50%
1+4+3 8
50%
1+6+1 8
50%
2+2+4 8
50%
2+3+3 8
50%
2+5+1 8
50%
3+6 9
50%
2+4+3 9
50%
3+1+5 9
50%
4+1+4 9
50%
5+2+2 9
50%
2/2 1
49%
8/8 1
49%
20/10 2
49%
9-6 3
49%
12-9 3
49%
10-6 4
49%
30/6 5
49%
11-5 6
49%
6/1 6
49%
30/5 6
49%
36/6 6
49%
2+4+1 7
49%
6+2 8
49%
15-7 8
49%
3+2+3 8
49%
4+1+3 8
49%
4+3+1 8
49%
1+3+5 9
49%
2+1+6 9
49%
2+6+1 9
49%
3+4+2 9
49%
4+2+3 9
49%
5+1+3 9
49%
3-1 2
48%
16/8 2
48%
4-1 3
48%
9/3 3
48%
15/5 3
48%
30/10 3
48%
1+2+1 4
48%
7-2 5
48%
12-7 5
48%
5/1 5
48%
10/2 5
48%
10-4 6
48%
2+1+3 6
48%
11-4 7
48%
3+2+2 7
48%
4+2+1 7
48%
13-5 8
48%
1+5+2 8
48%
2+1+5 8
48%
13-4 9
48%
15-6 9
48%
18/2 9
48%
2+3+4 9
48%
8-5 3
47%
11-7 4
47%
13-8 5
47%
2+1+2 5
47%
10-3 7
47%
2+2+3 7
47%
16-8 8
47%
80/10 8
47%
3+1+4 8
47%
1+8 9
47%
10-1 9
47%
18-9 9
47%
1+4+4 9
47%
1+6+2 9
47%
4+4+1 9
47%
6+1+2 9
47%
21/7 3
46%
32/8 4
46%
8-3 5
46%
24/4 6
46%
12-5 7
46%
35/5 7
46%
17-8 9
46%
13-10 3
45%
35/7 5
45%
13-7 6
45%
15-9 6
45%
40/5 8
45%
3+3+2 8
45%
3+4+1 8
45%
18/6 3
44%
14-9 5
44%
14-8 6
44%
11-3 8
44%
45/5 9
44%
24/6 4
43%
42/7 6
43%
17-9 8
43%
27/3 9
43%
45/9 5
42%
18/3 6
41%
42/6 7
41%
49/7 7
41%
32/4 8
41%
2/1 2
40%
40/8 5
40%
16-9 7
40%
28/4 7
40%
63/9 7
39%
24/3 8
39%
48/6 8
39%
64/8 8
39%
63/7 9
38%
28/7 4
37%
48/8 6
37%
72/9 8
37%
36/9 4
36%
54/9 6
36%
56/8 7
36%
24/8 3
33%
36/4 9
33%
72/8 9
33%
56/7 8
32%
54/6 9
29%
Aucun quiz correspondant
Distribution des résultats
% des personnes avec chaque résultat
Percentile par nombre de réponses
Votre historique - résultats
Vous n’avez pas pris ce quiz